000 00377nam a2200157Ia 4500
008 210210b1955 xxu||||| |||| 00| 0 eng d
041 _aeng
082 _a829/1402
100 _aWOUK (H)
245 _aMarjorie morningstar
260 _aNew York
_bNew American Library
_c1955
650 _amorningstar
650 _aMarjorie
690 _aEnglish Fiction
906 _a018011
999 _c137906
_d137906